000 nam a22 7a 4500
999 _c53930
_d53930
003 OSt
005 20220727153751.0
008 220727b xxu||||| |||| 00| 0 eng d
040 _cIIMT UNIVERSITY
100 _aGEETA PRESS GORAKHPUR
245 _aNARAD PURAN
260 _aGORAKHPUR
_bGEETA PRESS
_c000
300 _a000
942 _2ddc
_c09